| 000 | 01035nam a22002417i 4500 | ||
|---|---|---|---|
| 003 | URS | ||
| 005 | 20230216153009.0 | ||
| 008 | 190302b ||||| |||| 00| 0 eng d | ||
| 040 |
_beng _erda _cURS Pililla Library |
||
| 082 | 0 | 0 | _bT BEP F8 2015 |
| 100 | 1 |
_aGalpao, Shara Faye M. _eresearcher |
|
| 245 | 1 | 0 |
_aAntas ng kakayahan sa pag-unawa ngtayutay ng mga mag-aaral sa ikawalo at ikasiyam na baitang sa mataas na paaralang nasyunal ng Bugarin, Pililla, Rizal, taong panuruan 2014-2015/ _cShara Faye M. Galpao |
| 300 |
_axviii, 78 leaves; _c28 cm. |
||
| 336 |
_atext _btxt _2rdacontent |
||
| 337 |
_aunmediated _bn _2rdamedia |
||
| 338 |
_avolume _bnc _2rdacarrier |
||
| 502 |
_aTesis _bBatsilyer sa Edukasyong Pansekundarya Medyor sa Filipino _cUniversity of Rizal System Pililla |
||
| 700 | 1 |
_aCatapusan, Edna A. _eadviser |
|
| 700 | 1 |
_aOsuna, Angela H. _eresearcher |
|
| 700 | 1 |
_aSan Miguel, Lychelle B. _eresearcher |
|
| 856 | _uhttps://drive.google.com/file/d/1O_6W8pDvQ1OwWZMniuN5uUqrGpxNxPS4/view?usp=share_link | ||
| 942 |
_2ddc _cT |
||
| 999 |
_c9226 _d9226 |
||